000 00410nam a2200157Ia 4500
003 GCL
008 140319s9999 xx 000 0 eng d
040 _aGCL /
_cGCL
082 0 4 _a536.2
_bO F
100 1 _aOZISIK, NACALI
245 1 0 _aFINITE DIFFERENCE METHODS IN HEAT TRANSFER /
_cOZISIK, NACALI
260 _a[S.N] :
_bCRC PRESS ،
_c1994
300 _a411 P
650 0 4 _aHEAT TRANSFER
942 _2ddc
_cBK
999 _c12230
_d12230